000 00675nam a22002417a 4500
003 UA-OsUOA
001 76572
007 ta
008 20110708b un ||||| |||| 00| 0 ukr d
100 _aШныпко А.С.
090 _a330(477)
_bШ77
942 _cBK
040 _aUA-OsUOA
_bukr
_cUA-OsUOA
_dUA-OsUOA
245 _aЭкономические войны: истоки, формы, цели, проблемы, перспективы
300 _a376 с.
955 _a2
041 _aukr
080 _a330(477)
020 _a978-966-504-610-3
260 _aК.
_bГенеза
_c2007
650 7 _a330 Економіка взагалі
_2UDC
999 _c362869
_d362869